000 00809nas a2200253 i 4500
001 1329
003 ES-MaACL
005 20250814062552.0
007 t|
008 950801d18402002xxk | | 1 ||ng d
080 _a06
245 0 4 _aThe Journal of the Royal Agricultural Society of England.
260 _aLondon :
_bRoyal Agricultural Society of England,
_c1840-2002.
300 _a23 v. ;
_c21 cm.
310 _aTrimestral
362 0 _aV. I (1840)-(2002)
500 _aEn 1878 la revista publica unas Memorias y van colocadas al final.
650 1 7 _aAgricultura
_2embne
_99670
650 4 _aInstituciones científicas y diversas
_913829
710 2 _aRoyal Agricultural Society of England.
_96462
852 _aES-MaACL
_jHem-196
866 0 _o(1889)1890-1900.
999 _c1329
_d1329